000 00748nam a2200277Ia 4500
001 2957
005 20240113233604.0
007 ta
008 170918s2000 ii a g b000 u 465 u
020 _cHB
040 _aCotton College,Assam
041 _aeng
082 _a921
_bBu 976 Ps
100 _aButler, Gillian .
245 0 _aPsychology : A Very Short Introduction /
_cButler Gillian,Freda McManus.
_hTextual Documents
250 _aIst ed /
260 _aNewyork :
_bOxford University Press ,
_c2000.
300 _a161 P :
_bill ;
_c17Cm .
504 _aIndex
653 _aEducational Psychology
653 _aPG-Education
700 _aMcManus, Freda .
942 _2ddc
_cBK
999 _c2945
_d2945